01474nam a2200301 a 450000100100000000500170001000800410002704000250006808200170009310000430011024500780015326000430023130000210027449000320029549000710032750000630039859000610046150400320052259000250055465000360057965000350061583001070065091000370075795201290079495201140092395201200103799900150115700000799720200929154402.0090914s1986 dr 000 0 spa d aDO-SdBNPbspacBNPHU a621.3bB622c1 aBisonó Pérez, Emiliod1946-92186113aEl campo de la ingeniería electromecánica /cEmilio Bisonó Pérez. aSanto Domingo :bUniversitaria,c1986. a435 p. ;c21 cm.1 aCiencia y tecnología;v221 aPublicaciones de la Universidad Autónoma de Santo Domingo ;v521 aIncluye datos biográficos del autor en la contracubierta aLa biblioteca posee 1 ejemplar autografiado por el autor aBibliografía : p. 427-429 aInventariado,2018/DG 4aIngeniería eléctrica921862 4aIngeniería mecánica921863 0aCiencia y tecnología;v22pPublicaciones de la Universidad Autónoma de Santo Domingo ;n521921864 aValidado. Control de calidad MFF 001052708DSaGRbGRcHDd2009-09-14iLF1l0o621.3 B622cp7997-30r2020-06-25te. 3w2020-06-25yLFDSZPréstamo interno 0010718PDaPDbPDcHDd2009-09-14iLF1l0o621.3 B622cp7997-10r2020-06-25w2020-06-25yLFPDZNo se presta 0010718PDaPDbPDcHDd2009-09-14iLF1l0o621.3 B622cp7997-20r2020-06-25te. 2w2020-06-25yLFPDZNo se presta c7774d7774